Stations de la ligne T6 du tramway francilien sur une carte - Statistiques

Statistiques générales
  • Ce quiz a été pris 96 fois
  • Le résultat moyen est 15 sur 21
Réponses sur la Carte
Les réponses sont colorées sur une échelle allant du rouge au vert en fonction du pourcentage des utilisateurs qui les ont devinées à leur premier essai. Vous pouvez retrouver ces pourcentages ci-dessous.
 
Statistiques - réponses
Arrêt % Correct
Châtillon - Montrouge
98%
Viroflay - Rive Droite
95%
Vélizy 2
94%
Viroflay - Rive Gauche
92%
Centre de Châtillon
81%
Meudon-la-Forêt
77%
Mairie de Vélizy
76%
Vauban
76%
Hôpital Béclère
74%
Georges Pompidou
73%
Division Leclerc
71%
Parc André Malraux
68%
Soleil Levant
68%
Mail de la Plaine
66%
Pavé Blanc - Parc Novéos
66%
Robert Wagner
66%
Georges Millandy
65%
L'Onde - Maison des Arts
63%
Dewoitine
61%
Inovel Parc Nord
58%
Louvois
52%
Aucun quiz correspondant
Distribution des résultats
% des personnes avec chaque résultat
Percentile par nombre de réponses
Votre historique - résultats
Vous n’avez pas pris ce quiz